000
00256nam a22001097a 4500
008
170111b xxu||||| |||| 00| 0 eng d
020
_a
9780827370746
041
_a
eng
080
_a
618.2
245
_a
COMMUNITY HEALTH NURSING
_c
MULVEY, C.F
942
_2
udc
_c
BK
999
_c
2692
_d
2692